| 000 | 00371nam a22001577a 4500 | ||
|---|---|---|---|
| 005 | 20160905110308.0 | ||
| 008 | 160905b xxu||||| |||| 00| 0 eng d | ||
| 020 | _a978-81-7371-573-0 | ||
| 041 | _aeng | ||
| 100 |
_aRAMLU,M.A _93483 |
||
| 245 | _aMINE DISASTERS MINE RESCUE | ||
| 260 |
_bUNIVERSITY PRESS _c2015 |
||
| 300 | _a442 | ||
| 650 |
_aMINING _93481 |
||
| 942 | _cBK | ||
| 999 |
_c5187 _d5185 |
||